00450nam a2200157Ia 450000500170000000800410001708200130005810000210007124500110009226000310010330000130013450000250014794200060017295200990017899900150027720250406063909.0240331s9999 xx 000 0 und d bSENa894 aSengaiaaliyan, K 0aAkkini aJaffnabDavid Ligoryc1991 a134 p ., aA Contemporary Novel cL 001040708LaWERCLbWERCLcSSCd2024-03-31l0o 894.811 SENp1181r2024-03-31w2024-03-31yL c3982d3982